Evaluation traffic capacity and improvements to road geometry (Record no. 224042)

000 -LEADER
fixed length control field 00430cam a22001337a 4500
008 - FIXED-LENGTH DATA ELEMENTS--GENERAL INFORMATION
fixed length control field 180718b1987 xxu||||| |||| 00| 0 eng d
082 ## - DEWEY DECIMAL CLASSIFICATION NUMBER
Classification number X63 In8 IBRD
100 ## - MAIN ENTRY--PERSONAL NAME
Personal name Hoban, Christopher J.
245 ## - TITLE STATEMENT
Title Evaluation traffic capacity and improvements to road geometry
Statement of responsibility, etc. By Christopher J. Hoban
260 ## - PUBLICATION, DISTRIBUTION, ETC.
Place of publication, distribution, etc. Washington, D.C.
Name of publisher, distributor, etc. IBRD
Date of publication, distribution, etc. 1987
300 ## - PHYSICAL DESCRIPTION
Extent 145p. Paper
440 ## - SERIES STATEMENT/ADDED ENTRY--TITLE
Title World Bank Technical Paper, 74
650 ## - SUBJECT ADDED ENTRY--TOPICAL TERM
Topical term or geographic name entry element Roads - Design
Holdings
Withdrawn status Lost status Damaged status Not for loan Permanent Location Current Location Date acquired Full call number Barcode Date last seen Price effective from Koha item type
        Indian Institute of Public Administration Indian Institute of Public Administration 1993-04-28 X63 In8 IBRD WB1576 2018-07-20 2018-07-20 WB

Powered by Koha